000 00623nam a2200217Ia 4500
003 OSt
005 20221005115303.0
006 a|||||r|||| 00| 0
007 ta
008 221004b |||||||| |||| 00| 0 eng d
024 _a33798
037 _cTextual
040 _aCRL
_cCRL
_beng
041 _2eng
_aeng
082 _aN52aL7, K5
245 0 _aCatalogue of Indian miniature paintings
_b Collection of Kumar Sangram Singh of Nawalgarh, exhibited in the Rajasthan University Library, Jaipur, 1965
260 _c1965
650 _aARTS
942 _hN52aL7, K5
_cTEXL
_2cc
999 _c1034004
_d1034004